| 000 | 00652nam a2200217 u 4500 | ||
|---|---|---|---|
| 005 | 20230316063607.0 | ||
| 008 | 150429s2006 r 000 0 eng d | ||
| 020 | _a9580493111 | ||
| 035 | _aUPN01000203166 | ||
| 049 | _aI | ||
| 050 | 4 |
_aPZ10.3 _bM3.347 |
|
| 100 | 1 |
_aMcKee, David, _d1935- _929650 |
|
| 245 | 1 | 0 |
_aElmer y Rosita / _cDavid Mckee ; tr. de Juliana Duque. |
| 260 |
_aBogotá : _bNorma, _c2006 |
||
| 300 |
_a[28] p. : _bprincipalmente il. col. |
||
| 534 |
_pTitulo original: _tElmer and Rose |
||
| 650 | 0 |
_aAnimales _vCuentos y leyendas _9234 |
|
| 650 | 4 |
_aCuentos infantiles ingleses _910002 |
|
| 905 | _aInfantil | ||
| 999 |
_c175267 _d175267 |
||